LIBRARY & INFORMATION CENTRE, KCAET, TAVANUR

ONLINE PUBLIC ACCESS CATALOGUE (OPAC)

English English Malayalam Dictionary / (Record no. 398)

MARC details
000 -LEADER
fixed length control field 00512cam a2200193ua 4500
020 ## - INTERNATIONAL STANDARD BOOK NUMBER
ISBN 81-7130-010-3
041 ## - LANGUAGE CODE
Language code of text/sound track or separate title eng
082 ## - DEWEY DECIMAL CLASSIFICATION NUMBER
Classification number 028.73 423
Item number RAM/EN
100 ## - MAIN ENTRY--AUTHOR NAME
Personal name Ramalingam Pillai, T .
245 ## - TITLE STATEMENT
Title English English Malayalam Dictionary /
250 ## - EDITION STATEMENT
Edition statement 43 /
260 ## - PUBLICATION, DISTRIBUTION, ETC. (IMPRINT)
Place of publication Kottayam :
Name of publisher D C Books ,
Year of publication 1996.
300 ## - PHYSICAL DESCRIPTION
Number of Pages 1170 ; .
650 ## - SUBJECT ADDED ENTRY--TOPICAL TERM
Topical Term Dictionary
942 ## - ADDED ENTRY ELEMENTS (KOHA)
Koha item type Books
Holdings
Withdrawn status Lost status Damaged status Home library Current library Date acquired Full call number Accession Number Koha item type
      KAUAET KAUAET 07/04/2012 028.73 423 18903 Reference
free website counter